Overenie a porovnanie vybraných fyzikálno - mechanických vlastností na rôznych druhoch pórobetónu

Enregistré dans:
Détails bibliographiques
Auteur principal: Bajus, Adam (Auteur)
Autres auteurs: Struhárová, Alena (Directeur de thèse)
Format: Manuscrit Livre
Langue:slovaque
Publié: 2015
Sujets:
Accès en ligne:http://is.stuba.sk/zp/portal_zp.pl?podrobnosti=100577
https://opac.crzp.sk/?fn=detailBiblioForm&sid=78283B71680DBAF21442D51D22D4
Tags: Ajouter un tag
Pas de tags, Soyez le premier à ajouter un tag!

MARC

LEADER 00000ntm a22000003a 4500
001 stuzp51062
003 SK-STU
005 20231010104345.6
007 ta
008 150427s2015----xo-----f-mn---000-0-slo-d
040 |a STU  |b slo 
041 0 |a slo 
100 1 |a Bajus, Adam  |u 010260  |4 aut  |U SvF Stavebná fakulta  |T SvF Katedra materiálového inžinierstva  |X 66776  |U V260  |Y 27  |7 A000066776 
242 0 1 |a Validation and comparison of selected physical – mechanical properties of the different types autoclaved aerated concrete  |y eng 
245 1 0 |a Overenie a porovnanie vybraných fyzikálno - mechanických vlastností na rôznych druhoch pórobetónu 
260 |c 2015 
650 4 |a Nasiakavosť  |2 slo 
650 4 |a Tepelná vodivosť  |2 slo 
650 4 |a Pórobetón  |2 slo 
650 4 |a autoclaved aerated concrete  |2 eng 
650 4 |a water absorption  |2 eng 
650 4 |a thermal conductivity  |2 eng 
700 1 |a Struhárová, Alena  |4 ths  |X 916  |7 A000000916 
856 4 |u http://is.stuba.sk/zp/portal_zp.pl?podrobnosti=100577 
856 4 |u https://opac.crzp.sk/?fn=detailBiblioForm&sid=78283B71680DBAF21442D51D22D4 
SQL |a stuzp51062  |b DDP  |c SLO  |d Overenie a porovnanie vybraných fyzikálno - mechanických vlastností na rôznych druhoch pórobetónu  |e 66776  |f Bajus, Adam  |g 010260  |h 916  |i Struhárová, Alena  |j 20150617  |k 681  |l 01  |m http://is.stuba.sk/zp/portal_zp.pl?podrobnosti=100577  |n I-TS  |o 5.2.8. stavebníctvo